<?xml version="1.0" encoding="UTF-8"?>
<record
    xmlns:xsi="http://www.w3.org/2001/XMLSchema-instance"
    xsi:schemaLocation="http://www.loc.gov/MARC21/slim http://www.loc.gov/standards/marcxml/schema/MARC21slim.xsd"
    xmlns="http://www.loc.gov/MARC21/slim">

  <leader>01783    a2200229   4500</leader>
  <controlfield tag="001">63969</controlfield>
  <controlfield tag="005">20260521160827.0</controlfield>
  <controlfield tag="008">260521a2021    arg                 spa d</controlfield>
  <controlfield tag="003">AR-UNSa-BCEJYS</controlfield>
  <datafield tag="040" ind1=" " ind2=" ">
    <subfield code="a">AR-UNSa-BCEJYS</subfield>
    <subfield code="b">spa</subfield>
    <subfield code="c">AR-UNSa-BCEJYS</subfield>
  </datafield>
  <datafield tag="080" ind1=" " ind2=" ">
    <subfield code="a">349.243</subfield>
    <subfield code="x">Medidas de salud e higiene (Accidentes del trabajo)</subfield>
  </datafield>
  <datafield tag="245" ind1="1" ind2="0">
    <subfield code="a">Ley de riesgos del trabajo</subfield>
    <subfield code="p">Comentada y concordada. Actualizada al 15 de Junio de 2021</subfield>
  </datafield>
  <datafield tag="020" ind1=" " ind2=" ">
    <subfield code="a">978-987-30-2651-5</subfield>
  </datafield>
  <datafield tag="264" ind1=" " ind2="1">
    <subfield code="a">Buenos Aires :</subfield>
    <subfield code="b">Rubinzal-Culzoni Editores</subfield>
    <subfield code="c">2021</subfield>
  </datafield>
  <datafield tag="300" ind1=" " ind2=" ">
    <subfield code="a">1064 p.</subfield>
    <subfield code="c">22 cm.</subfield>
  </datafield>
  <datafield tag="505" ind1=" " ind2=" ">
    <subfield code="a">1. Del modelo tradicional argentino: De la Ley 9688 a la Ley 24.028 &#x2013; 2.  Sustituci&#xF3;n del sistema tradicional por la ley sobre riesgos del trabajo &#x2013; 3.  El Decreto 1694/2009 &#x2013; 4. La Ley 26.773 y el "ordenamiento" de la reparaci&#xF3;n de los da&#xF1;os derivados del trabajo &#x2013; 5. La Ley 27.348 "complementaria" del r&#xE9;gimen sobre riesgos del trabajo &#x2013; 6. Objetivos y &#xE1;mbitos de aplicaci&#xF3;n de la ley &#x2013; 7. De la prevenci&#xF3;n de los riesgos del trabajo &#x2013; 8. Contingencias y situaciones cubiertas &#x2013; 9. Prestaciones dinerarias &#x2013; 10. Prestaciones en especie &#x2013; 11. Determinaci&#xF3;n y revisi&#xF3;n de las incapacidades &#x2013; 12. R&#xE9;gimen financiero &#x2013; 13. Gesti&#xF3;n de las prestaciones &#x2013; 14. Derechos, deberes y prohibiciones &#x2013; 15. Fondo de garant&#xED;a de la LRT &#x2013; 16. Fondo de reserva de la LRT &#x2013; 17. Entes de regulaci&#xF3;n y supervisi&#xF3;n de la LRT &#x2013; 18. Responsabilidad civil del empleador &#x2013; 19. &#xD3;rgano tripartito de participaci&#xF3;n &#x2013; 20. Normas generales y complementarias &#x2013; </subfield>
  </datafield>
  <datafield tag="041" ind1=" " ind2=" ">
    <subfield code="a">spa</subfield>
  </datafield>
  <datafield tag="942" ind1=" " ind2=" ">
    <subfield code="c">BK</subfield>
  </datafield>
  <datafield tag="590" ind1=" " ind2=" ">
    <subfield code="a">niveau_biblio:m niveau_hierar:0</subfield>
  </datafield>
  <datafield tag="100" ind1="1" ind2=" ">
    <subfield code="a">Ackerman, Mario E.</subfield>
  </datafield>
  <datafield tag="856" ind1="4" ind2="1">
    <subfield code="u">https://www.biblioeco.unsa.edu.ar/pmb/images/libros/L129452.jpg</subfield>
    <subfield code="y">Imagen de portada</subfield>
    <subfield code="q">image/jpeg</subfield>
  </datafield>
  <datafield tag="999" ind1=" " ind2=" ">
    <subfield code="c">36447</subfield>
    <subfield code="d">36447</subfield>
  </datafield>
  <datafield tag="952" ind1=" " ind2=" ">
    <subfield code="0">0</subfield>
    <subfield code="1">0</subfield>
    <subfield code="4">0</subfield>
    <subfield code="7">0</subfield>
    <subfield code="a">BCEJYS</subfield>
    <subfield code="b">BCEJYS</subfield>
    <subfield code="c">16</subfield>
    <subfield code="d">2026-05-21</subfield>
    <subfield code="l">0</subfield>
    <subfield code="o">349.243 A182</subfield>
    <subfield code="p">L129452</subfield>
    <subfield code="r">2026-05-21 16:08:27</subfield>
    <subfield code="w">2026-05-21</subfield>
    <subfield code="y">L</subfield>
  </datafield>
</record>
